00824nam a22002537a 4500003000500000005001700005008004100022010001000063011001000073022001400083035001100097040000900108245018000117260003600297300002700333490003100360650001100391650002500402650003100427650002800458650002600486700002700512830003100539CHAP20220329143516.0100312s2009 br a r 00010 spa d a97743 a987150 a0100-0845 a109400 cCHAP00aObtençao de marcadores microssatélites para genotipagem e análise genética de Moniliophthora perniciosa em gel corado com pratac/por Karina Peres Gramacho ...[et al.] aIlhéus :bCEPLAC/CEPEC,c2009 a23 p. :bilus., tablas 0aBoletín técnicov; 19614aCacao.14aCacaoxEnfermedades.14aEscobas de bruja en cacao.14aMarcadores genéticos.14aMoniliopthora roreri.1 aPeres Gramacho, Karina0 aBoletín técnicov; 196